[Event "3. ODEM U25 2006"]
[Site "Willingen GER"]
[Date "2006.06.10"]
[Round "9"]
[White "Giesen, Frank"]
[Black "Brühan, Jan"]
[Result "1-0"]
[Termination "normal"]
[Board "49"]
[WhiteElo "901"]
[BlackElo "1007"]
[PlyCount "71"]
[EventCountry "GER"]
[EventRounds "9"]
[EventType "swiss"]
[EventDate "2006.06.03"]

1. e4 e5 2. Nf3 Nc6 3. d4 exd4 4. Nxd4 Nf6 5. Nxc6 bxc6 6. Nc3 Bb4 7. Bd2 Bxc3
8. Bxc3 Nxe4 9. Bxg7 Qe7 10. Be2 Rg8 11. Qd4 Qg5 12. Qxe4+ Kd8 13. Bd4 Re8 14.
Qf3 Ba6 15. Bf6+ Qxf6 16. Qxf6+ Kc8 17. O-O-O Rxe2 18. Qh8+ Kb7 19. Qxh7 Rxf2
20. Qh4 Rxg2 21. Qb4+ Kc8 22. Qa5 Bb5 23. a4 Bc4 24. b3 Be6 25. Qa6+ Kb8 26.
Rhg1 Rxg1 27. Rxg1 f6 28. Rf1 f5 29. Kd2 c5 30. Qb5+ Kc8 31. Qxc5 c6 32. h4 Kc7
33. Qa5+ Kb7 34. b4 a6 35. h5 Ka7 36. Qc7# 1-0

[Event "3. ODEM U25 2006"]
[Site "Willingen GER"]
[Date "2006.06.10"]
[Round "9"]
[White "Usov, Andreas"]
[Black "Alt, Johannes"]
[Result "1-0"]
[Termination "normal"]
[Board "50"]
[WhiteElo "1126"]
[BlackElo "677"]
[PlyCount "39"]
[WhiteFideId "24601713"]
[BlackFideId "24661074"]
[EventCountry "GER"]
[EventRounds "9"]
[EventType "swiss"]
[EventDate "2006.06.03"]

1. e4 e5 2. Nf3 Nc6 3. Nc3 Nf6 4. Bb5 Bb4 5. d3 Bxc3+ 6. bxc3 O-O 7. Bxc6 dxc6
8. Nxe5 h6 9. O-O Re8 10. Nf3 Qd6 11. e5 Rxe5 12. Nxe5 Qxe5 13. Qe1 Qd6 14. h3
Nh5 15. Qe8+ Kh7 16. Qxf7 Qg6 17. Qxg6+ Kxg6 18. Be3 Be6 19. Rab1 b6 20. a3 1-0